skbl

Dr Suryya Kumar Bhuyan Library Web-OPAC
ডঃ সূৰ্য্য
কুমাৰ ভূঞা পুথিভঁৰাল ৱেব-অ'পেক

All Research Scholars are advised to clear the annual library fees to continue using Library Resources, Remote Access, Plagiarism Test and Library Clearance.

Cotton University Book Fair 2026

Ten Twentieth-Century Indian Poets / (Record no. 2845)

MARC details
000 -LEADER
fixed length control field 00786nam a2200289Ia 4500
001 - CONTROL NUMBER
control field 2857
005 - DATE AND TIME OF LATEST TRANSACTION
control field 20240113233558.0
007 - PHYSICAL DESCRIPTION FIXED FIELD--GENERAL INFORMATION
fixed length control field ta
008 - FIXED-LENGTH DATA ELEMENTS--GENERAL INFORMATION
fixed length control field 050311s1989 a g b000 u eng u
020 ## - INTERNATIONAL STANDARD BOOK NUMBER
International Standard Book Number 0-19-562402-5
040 ## - CATALOGING SOURCE
Original cataloging agency Cotton College,Assam
041 ## - LANGUAGE CODE
Language code of text/sound track or separate title eng
082 ## - DEWEY DECIMAL CLASSIFICATION NUMBER
Classification number 821.921
Item number Pa 21 Te
100 ## - MAIN ENTRY--PERSONAL NAME
Personal name parthasarathy, R..
245 #0 - TITLE STATEMENT
Title Ten Twentieth-Century Indian Poets /
Statement of responsibility, etc. R. Parthasarathy.
Medium Textual Documents
250 ## - EDITION STATEMENT
Edition statement 1st ed. /
260 ## - PUBLICATION, DISTRIBUTION, ETC.
Place of publication, distribution, etc. New Delhi :
Name of publisher, distributor, etc. Oxford university ( India ) ,
Date of publication, distribution, etc. 1989.
300 ## - PHYSICAL DESCRIPTION
Extent 114p. :
Other physical details ill ;
Dimensions 21cm .
653 ## - INDEX TERM--UNCONTROLLED
Uncontrolled term English literature-Indian Poets
653 ## - INDEX TERM--UNCONTROLLED
Uncontrolled term Indian Poets
653 ## - INDEX TERM--UNCONTROLLED
Uncontrolled term G-English
653 ## - INDEX TERM--UNCONTROLLED
Uncontrolled term PG-English
942 ## - ADDED ENTRY ELEMENTS (KOHA)
Source of classification or shelving scheme Dewey Decimal Classification
Koha item type Books
Holdings
Withdrawn status Lost status Damaged status Not for loan Collection Home library Current library Date acquired Coded location qualifier Total checkouts Full call number Barcode Date last seen Copy number Price effective from Koha item type
          Dr. Suryya Kumar Bhuyan Library Dr. Suryya Kumar Bhuyan Library 01/02/2012 00000   821.921 Pa 21 Te 599/Eng 13/01/2024 2 01/02/2012 Books
          Dr. Suryya Kumar Bhuyan Library Dr. Suryya Kumar Bhuyan Library 01/02/2012 00000   821.921 Pa 21 Te 599 / Eng 13/01/2024 1 01/02/2012 Books

Designed and Maintained by Team SKBL
©1901-2026

Powered by Koha